[Event "2nd Silman TNM: 2000+"]
[Site "San Francisco"]
[Date "2025.06.10"]
[Round "6.4"]
[White "Heiserman, Jimmy"]
[Black "Tsodikova, Natalya"]
[Result "0-1"]
[Annotator "Winslow,Elliott/TA"]
[WhiteElo "2306"]
[BlackElo "2246"]
[PlyCount "90"]
[GameId "2187700216698919"]
[EventDate "2025.??.??"]

1. c4 {[%emt 0:01:48]} e5 {[%emt 0:00:21]} 2. Nc3 {[%emt 0:00:07]} Nc6 {[%emt 0:00:08]} 3. g3 {[%emt 0:00:07]} g6 {[%emt 0:00:11]} 4. Bg2 {[%emt 0:00:08]} Bg7 {[%emt 0:00:08]} 5. e3 {[%emt 0:00:10]} d6 {[%emt 0:00:21]} 6. Nge2 {[%emt 0:00:14]} Be6 $6 {[%emt 0:01:21] This has been suspicious for ... well, see the game reference below! [#]} (6... Nge7) (6... h5 $5 7. h4 (7. h3 h4 8. g4 f5) 7... Nf6 8. O-O O-O) 7. d4 $1 {[%emt 0:01:08]} Bxc4 $2 {[%emt 0:06:13]} (7... exd4 8. Nxd4 $1 $14 (8. exd4 $2 Bxc4 $1 {(It's interesting how Black does well here but irrelevant)} 9. Bxc6+ (9. Qa4 $2 d5 $17) (9. d5 $2 Ne5 $17) 9... bxc6 10. Qa4 Bb5 $5 (10... Be6 11. d5 $1 Bh3 12. Nf4 Bg4 {Same here -- Stockfish gives Black the nominal something or other (which finally goes to 0.00 at depth 30)}) 11. Nxb5 cxb5 12. Qxb5+ Qd7 13. Qb7 $1 Rc8 14. Qxa7 Ne7 $11 {This one has more sustain -- still -0.06 at depth 33}) 8... Bd7 {A sort of only move} 9. Nde2 (9. O-O Nf6 10. b3) 9... Nf6 10. b3 O-O 11. Bb2 $14 {in the +0.60 range}) 8. d5 {[%emt 0:00:18]} Nb8 {[%emt 0:08:08]} (8... Bxe2 9. Qxe2 Nb8 10. Qb5+ Nd7 11. Qxb7 Rb8 (11... Ne7 12. O-O O-O 13. Qb5 f5 14. e4 f4 15. Bh3 Nf6 16. Qd3 g5 17. Be6+ Kh8 18. g4 Ng6 19. f3 h5 20. h3 Rb8 21. Qa6 hxg4 22. hxg4 Nd7 23. Bxd7 Qxd7 24. Qxa7 Bf6 25. Qa4 Qh7 26. Rf2 Nh4 27. Qd1 Bd8 28. Kf1 Rf6 29. Rh2 Rh6 30. a4 Kg7 31. Nb5 Ng6 32. Rxh6 Qxh6 33. Ke2 Qh2+ 34. Kd3 Nh4 35. Ra3 Qf2 36. Kc4 Rb6 37. Rc3 c5 38. Qd2 Qf1+ 39. Qd3 Qe1 40. Kb3 Ra6 41. Na3 Rb6+ 42. Ka2 Rb4 43. Qa6 Be7 44. Nc2 Rxa4+ 45. Qxa4 Qxc1 46. Qd7 Ng6 47. Nd4 Qf1 48. Nf5+ Kf8 49. Qc8+ Kf7 50. Nxd6+ Bxd6 51. Qe6+ Kg7 52. Qxd6 c4 53. Qc7+ Kh6 54. Qxc4 Qf2 55. Qa6 Kg7 56. Rc7+ Kh6 57. Rc6 {1-0 (57) Vranesic,Z-Suttles,D Chicago 1973}) 12. Qa6 (12. Qxa7 Nc5 13. Qa5 f5 14. O-O e4 15. Nb5 Ne7 16. Rd1 O-O 17. Bf1 Rb7 18. Rb1 Qb8 19. a4 Kh8 20. b3 Ng8 21. Ba3 Nf6 22. Bxc5 dxc5 23. Bc4 Ng4 24. d6 cxd6 25. Nxd6 Ra7 26. Qxc5 Ne5 27. Rd5 Nf3+ 28. Kg2 h5 29. Nb5 Re7 {1-0 (29) King,D (2560)-Wolff,P (2540) New York 1990 CBM 020 [Ribli,Zoltan]}) 12... Nc5 13. Qe2 f5 14. e4 Nf6 15. exf5 gxf5 16. Bh3 O-O 17. O-O Nfd7 18. Kh1 Kh8 19. Be3 f4 20. Bxc5 f3 21. Qc4 dxc5 22. Qg4 Nf6 23. Qxf3 Rxb2 24. Rad1 Rb4 25. Qe2 Rd4 26. Bg2 e4 27. Nxe4 Re8 28. f3 Nxd5 29. Qf2 Ne3 30. Rxd4 Bxd4 31. Re1 Rxe4 32. fxe4 Ng4 33. Qf7 Nf2+ 34. Kg1 Nd3+ 35. Kf1 Nxe1 36. Kxe1 Be3 37. Qd5 Qxd5 38. exd5 Kg7 39. Ke2 Bg1 40. h3 c4 41. Kd2 Bd4 42. Bf1 c3+ 43. Kc2 Kf6 44. Bd3 h6 45. Kb3 Ke5 46. a4 {½-½ (46) Larsen,B-Suttles,D Palma de Mallorca 1970}) (8... Nce7 $142 9. Qa4+ b5 10. Nxb5 Bxb5 11. Qxb5+ Qd7 12. Qc4 (12. Qb7 Rc8) 12... f5 13. O-O h5 14. h4 Nf6 15. b4 $16) 9. Qa4+ $16 {[%emt 0:02:32]} b5 {[%emt 0:00:11] White is better.} 10. Nxb5 {[%emt 0:00:09]} Bxb5 {[%emt 0:00:07]} 11. Qxb5+ {[%emt 0:00:09]} Nd7 {[%emt 0:00:40] (best)} 12. O-O {[%emt 0:09:04]} Ne7 {[%emt 0:02:12]} 13. e4 {[%emt 0:06:53]} O-O {[%emt 0:01:03]} 14. Qc4 $146 {[%emt 0:04:58]} (14. Rb1 $1 $16 {by a bit, acc. to Stockfish 17.1}) (14. Nc3 Rb8 15. Qe2 c5 16. dxc6 Nxc6 17. Be3 Nc5 18. Qd2 Ne6 19. Rac1 Ned4 20. f4 {1-0 (40) Botvinnik,M-Levenfish,G Moscow/Leningrad 1937}) 14... f5 {[%emt 0:03:43]} (14... c6 $14) 15. f3 {[%emt 0:00:19]} ({White should try} 15. Bg5 $16) 15... Nb6 $14 {[%emt 0:16:48]} 16. Qc2 {[%emt 0:03:13]} c5 {[%emt 0:04:28]} ({Better is} 16... c6 $14) 17. dxc6 {[%emt 0:11:04][%csl Oc6] White has a strong passed pawn} (17. Bd2 $16) 17... Rc8 {[%emt 0:00:38]} 18. Bg5 {[%emt 0:03:11] [#]} Bf6 $1 {[%emt 0:00:49]} (18... Rxc6 $2 19. Qxc6 Nxc6 20. Bxd8 Rxd8 21. exf5 $18) 19. Bxf6 {[%emt 0:08:21]} Rxf6 {[%emt 0:00:09]} 20. exf5 {[%emt 0:00:19]} (20. f4 $14 {is superior.}) 20... gxf5 $11 {[%emt 0:02:18][%cal Od6d5]} 21. f4 {[%emt 0:07:46]} e4 {[%emt 0:00:24][%cal Od6d5] With the idea ...d5!.} 22. Nd4 $132 {[%emt 0:04:42][%mdl 2048] White puts up resistance} d5 {[%emt 0:01:23][%cal Re7c6]} 23. b3 {[%emt 0:03:32]} Nxc6 {[%emt 0:04:06]} 24. Qd2 {[%emt 0:00:26]} Nxd4 {[%emt 0:07:31]} 25. Qxd4 {[%emt 0:00:06]} Kf7 {[%emt 0:01:28]} 26. a4 {[%emt 0:04:12]} a5 {[%emt 0:03:36]} 27. Bh3 {[%emt 0:02:49]} Qc7 {[%emt 0:02:23]} 28. b4 {[%emt 0:05:30]} Qc4 {[%emt 0:08:07]} 29. Rfd1 {[%emt 0:01:39]} Qxd4+ {[%emt 0:02:09]} 30. Rxd4 {[%emt 0:00:06]} Rc4 {[%emt 0:01:14]} 31. Rad1 {[%emt 0:05:00]} Rxd4 {[%emt 0:09:25]} (31... axb4 32. a5 b3 (32... Rxd4 33. Rxd4 b3 34. Rb4 $11) 33. Bf1 (33. axb6 $2 b2 $17 34. Rb1 Rxb6 35. Rdd1 Ke6 $19) 33... Rc2 34. Rb4 $1 Nc4 35. Rxb3 Nd2 $11) 32. Rxd4 {[%emt 0:00:06][%mdl 4096] Endgame KRB-KRN} Ke6 {[%emt 0:00:35]} (32... Nxa4 $11) (32... axb4 $11) 33. bxa5 {[%emt 0:01:15]} Nc4 {[%emt 0:00:50][%cal Oe6d6] and ...Kd6! should not be overlooked} 34. a6 {[%emt 0:00:20]} Rf8 $6 {[%emt 0:01:31]} (34... Kd6 35. a7 Rf8) 35. Bf1 $14 {[%emt 0:01:43]} Ne3 {[%emt 0:02:08]} 36. Bb5 {[%emt 0:02:06]} Kd6 {[%emt 0:00:26] Prevents Bc6.} 37. Kf2 {[%emt 0:01:52]} Nc2 {[%emt 0:01:06]} 38. Rd1 $1 {[%emt 0:00:07] aiming for Rc1.} d4 {[%emt 0:00:20]} 39. Ke2 {[%emt 0:01:00]} Kd5 {[%emt 0:02:46]} 40. Kd2 {[%emt 0:02:22]} (40. a7 Ra8 41. Kd2 Ne3 $11) 40... d3 {[%emt 0:00:40]} 41. a7 {[%emt 0:03:28]} Kd4 {[%emt 0:03:25][%mdl 1024] Black has compensation.} {This move loses the game for White.} 42. Bc6 $2 {[%emt 0:00:50][%mdl 8192] [#]} (42. Bxd3 exd3 43. Rb1 $11) 42... e3+ $1 $19 {[%emt 0:00:57]} 43. Kc1 {[%emt 0:00:05]} Kc3 {[%emt 0:02:03]} 44. Bf3 {[%emt 0:04:40]} d2+ {[%emt 0:01:23]} 45. Kb1 {[%emt 0:00:06]} Nd4 {[%emt 0:00:32] Weighted Error Value: White=0.19/Black=0.06} 0-1

[Event "2nd Silman TNM: 2000+"]
[Site "San Francisco"]
[Date "2025.06.10"]
[Round "6.5"]
[White "Bambou, Christophe"]
[Black "Cremisi, Daniel"]
[Result "1/2-1/2"]
[WhiteElo "2119"]
[BlackElo "2380"]
[PlyCount "119"]
[GameId "2187700216698920"]
[EventDate "2025.??.??"]

{[%evp 12,119,32,2,32,21,22,16,20,20,43,48,57,56,59,55,90,92,153,149,141,57,53,29,25,34,30,46,50,-12,-18,-16,-24,0,0,0,0,0,0,0,0,0,-1,-21,0,-34,0,0,0,0,0,0,0,0,0,0,13,0,0,0,0,0,0,0,499,452,656,640,652,645,706,705,693,685,766,762,796,779,826,799,800,779,757,686,667,678,664,632,699,698,689,687,684,683,669,660,634,574,636,633,688,691,697,693,691,671,658,651,635,0]} 1. e4 {[%emt 0:04:04]} e6 {[%emt 0:00:15]} 2. d4 {[%emt 0:00:16]} d5 {[%emt 0:00:02]} 3. exd5 {[%emt 0:01:13]} exd5 {[%emt 0:00:02]} 4. Nf3 {[%emt 0:00:33]} Bd6 {[%emt 0:00:11]} 5. Bd3 {[%emt 0:00:32]} Ne7 {[%emt 0:00:31]} 6. O-O {[%emt 0:00:43]} Bg4 {[%emt 0:00:08]} 7. c3 {[%emt 0:00:30] 7.h3 is becoming the main line.} Qd7 {[%emt 0:00:50] C01: French: Exchange Variation.} 8. a4 {[%emt 0:01:23]} Nbc6 {[%emt 0:01:33]} 9. Na3 {[%emt 0:00:47][%cal Bb1a3,Ba3c2,Bc2e3][%mdl 32]} a6 {[%emt 0:04:16] Prevents Nb5. The position is equal.} 10. Nc2 {[%emt 0:03:18]} Bf5 {[%emt 0:02:22]} 11. Be2 {[%emt 0:00:29]} O-O $146 {[%emt 0:02:42]} (11... h6 12. Ne3 Be4 13. Nd2 Bg6 14. Bg4 f5 15. Bh5 Bxh5 16. Qxh5+ g6 17. Qe2 O-O {½-½ (109) Ceres,D (2479)-Suleymanli,S (2290) Spilimbergo 2024}) 12. Ne3 {[%emt 0:03:15]} Be4 {[%emt 0:01:02]} 13. g3 {[%emt 0:07:23]} f5 {[%emt 0:04:45]} 14. Ng5 {[%emt 0:02:18]} f4 {[%emt 0:02:03]} (14... h6 $142) 15. Bg4 $16 {[%emt 0:02:19]} Qe8 {[%emt 0:01:27] [#]} 16. Nxe4 {[%emt 0:10:18]} ({White should play} 16. Ng2 $1 $16) 16... dxe4 $14 {[%emt 0:00:28]} 17. Nc4 {[%emt 0:02:41] Threatens to win with Nxd6.} Qg6 {[%emt 0:09:04]} 18. Bh5 {[%emt 0:08:41]} Qg5 {[%emt 0:02:02]} 19. Nxd6 {[%emt 0:01:37]} cxd6 {[%emt 0:00:07]} 20. Qg4 {[%emt 0:11:42]} (20. h4 $14 Qh6 21. Bg4 (21. Bxf4 Rxf4 22. gxf4 Nd5 $15)) 20... Qd5 $1 $11 {[%emt 0:02:16] White must now prevent ...Rf5.} 21. Qh3 {[%emt 0:04:56]} (21. Bxf4 g6 22. Rae1 Rae8 $17 (22... Qxh5 23. Qxh5 gxh5 24. Bxd6 $15)) 21... f3 {[%emt 0:01:38]} 22. Bg4 {[%emt 0:01:31]} Nf5 {[%emt 0:00:50]} 23. c4 $1 {[%emt 0:02:16]} Qf7 {[%emt 0:02:20]} (23... Qxc4 $2 24. Bxf5 Rxf5 25. Qxf5 $18) 24. Bxf5 $1 {[%emt 0:06:55]} Qxf5 {[%emt 0:00:02]} 25. Qxf5 {[%emt 0:00:11]} Rxf5 {[%emt 0:00:01]} 26. Be3 {[%emt 0:03:03]} Nb4 {[%emt 0:00:08] White is weak on the light squares} 27. Rfc1 {[%emt 0:02:42]} Rc8 {[%emt 0:02:16]} 28. b3 {[%emt 0:07:40]} Rf7 {[%emt 0:00:41]} 29. d5 {[%emt 0:00:42]} Nd3 {[%emt 0:01:07]} 30. Rd1 {[%emt 0:00:56]} h6 {[%emt 0:01:06]} 31. a5 {[%emt 0:00:53]} Kh7 {[%emt 0:00:19]} 32. h3 {[%emt 0:00:38]} Kg6 {[%emt 0:01:03]} 33. Kh2 {[%emt 0:00:31]} h5 {[%emt 0:00:56]} 34. Ra2 {[%emt 0:04:02]} Kf5 {[%emt 0:00:46]} 35. Rad2 {[%emt 0:01:10]} g5 {[%emt 0:01:31]} 36. Rg1 {[%emt 0:01:50]} Ne5 {[%emt 0:00:43]} 37. Re1 {[%emt 0:00:48]} Ng4+ $2 {[%emt 0:04:09][%mdl 8192]} 38. hxg4+ $18 {[%emt 0:01:37] White is clearly winning.} hxg4 {[%emt 0:00:08] [#]} (38... Kxg4 $142 39. c5 Rh7) 39. Rh1 $1 {[%emt 0:00:10]} Rh7+ {[%emt 0:01:17]} 40. Kg1 {[%emt 0:00:04]} Rh3 {[%emt 0:01:06]} 41. Rxh3 {[%emt 0:00:20]} gxh3 {[%mdl 4096] Endgame KRB-KR} 42. Kh2 {[%emt 0:00:36]} Rg8 {[%emt 0:00:12]} 43. c5 {[%emt 0:01:30]} (43. Kxh3 $2 Rh8#) 43... dxc5 {[%emt 0:00:10]} 44. Bxc5 {[%emt 0:01:02]} g4 {[%emt 0:00:18]} 45. Bb6 {[%emt 0:02:37]} Rg7 {[%emt 0:00:08]} 46. Rd1 {[%emt 0:01:11]} Rd7 {[%emt 0:00:20]} 47. Bc5 {[%emt 0:00:21]} Ke5 {[%emt 0:00:36]} 48. d6 {[%emt 0:00:06]} Ke6 {[%emt 0:01:20]} 49. b4 {[%emt 0:00:24]} Ke5 {[%emt 0:00:16]} 50. Be3 {[%emt 0:00:25]} Ke6 {[%emt 0:00:33]} 51. Bf4 {[%emt 0:00:18]} e3 {[%emt 0:00:47]} 52. fxe3 {[%emt 0:00:40]} Kf5 {[%emt 0:00:06]} 53. Kg1 {[%emt 0:00:36]} Rd8 {[%emt 0:00:50]} 54. Kf2 {[%emt 0:01:08]} ({Weaker is} 54. d7 Ke6 $16) 54... Ke6 {[%emt 0:00:28]} 55. e4 {[%emt 0:00:40]} h2 {[%emt 0:00:59]} 56. Rh1 {[%emt 0:00:22]} Rh8 {[%emt 0:00:24]} 57. Ke3 {[%emt 0:00:16]} Rh7 {[%emt 0:00:39]} 58. Kf2 {[%emt 0:00:39]} Rh8 {[%emt 0:00:16]} 59. Ke3 {[%emt 0:00:24]} Rh7 {[%emt 0:00:03]} {Weighted Error Value: White=0.07 (flawless) /Black=0.33} 60. Kf2 $2 {[%emt 0:00:29] Ke5} (60. Kd3 $18 Rh5 61. e5) 1/2-1/2

[Event "2nd Silman TNM: 2000+"]
[Site "San Francisco"]
[Date "2025.06.10"]
[Round "6.6"]
[White "Smith, Olivia"]
[Black "Rajaram, Raghu"]
[Result "1-0"]
[WhiteElo "2137"]
[BlackElo "1848"]
[PlyCount "97"]
[GameId "2187700216698921"]
[EventDate "2025.??.??"]

1. e4 {[%emt 1:59:38]} c5 {[%emt 0:00:51]} 2. Nc3 {[%emt 0:00:18]} e6 {[%emt 0:00:23]} 3. Nf3 {[%emt 0:00:22]} a6 {[%emt 0:00:40]} 4. g3 {[%emt 0:00:14]} d6 {[%emt 0:02:53]} 5. Bg2 {[%emt 0:00:33]} Nc6 {[%emt 0:02:18]} 6. d4 {[%emt 0:02:02]} cxd4 {[%emt 0:01:55]} 7. Nxd4 {[%emt 0:00:08]} Qc7 {[%emt 0:02:46]} 8. O-O {[%emt 0:00:30]} Nf6 {[%emt 0:03:48]} 9. Re1 {[%emt 0:05:01]} Be7 {[%emt 0:02:19]} 10. h3 {[%emt 0:04:52]} O-O {[%emt 0:03:16]} 11. Kh2 {[%emt 0:03:22]} Bd7 {[%emt 0:16:01]} 12. f4 {[%emt 0:03:58]} Rfd8 {[%emt 0:03:59]} 13. a4 {[%emt 0:04:43]} Rac8 {[%emt 0:06:22]} 14. Be3 {[%emt 0:05:33]} Na5 {[%emt 0:09:05]} 15. Qd3 {[%emt 0:12:18]} Nc4 {[%emt 0:04:36]} 16. Bc1 {[%emt 0:00:19]} Be8 {[%emt 0:04:35]} 17. Nf3 {[%emt 0:04:33]} Qb6 {[%emt 0:06:31]} 18. b3 {[%emt 0:02:49]} Na5 {[%emt 0:00:36]} 19. Bd2 {[%emt 0:01:33]} Nc6 {[%emt 0:01:25]} 20. a5 {[%emt 0:05:34]} Qc7 {[%emt 0:02:41]} 21. Qe2 {[%emt 0:09:16]} Nb4 {[%emt 0:02:58]} 22. Rec1 {[%emt 0:02:57]} d5 {[%emt 0:01:52]} 23. e5 {[%emt 0:03:13]} Nd7 {[%emt 0:05:10]} 24. Nd4 {[%emt 0:02:53]} Nc6 {[%emt 0:00:57]} 25. Nxc6 {[%emt 0:00:33]} Qxc6 {[%emt 0:00:20]} 26. Na4 {[%emt 0:00:57]} Qb5 {[%emt 0:01:17]} 27. Qe1 {[%emt 0:04:58]} Nc5 {[%emt 0:06:31]} 28. Nb6 {[%emt 0:03:39]} Rc7 {[%emt 0:00:21]} 29. f5 {[%emt 0:02:42]} Ne4 {[%emt 0:02:15]} 30. fxe6 {[%emt 0:07:54]} fxe6 {[%emt 0:00:39]} 31. c4 {[%emt 0:03:01]} Qxb3 {[%emt 0:01:03]} 32. cxd5 {[%emt 0:00:25]} Rxc1 {[%emt 0:00:41]} 33. Rxc1 {[%emt 0:00:48]} exd5 {[%emt 0:02:27]} 34. Rc7 {[%emt 0:01:02]} Bc5 {[%emt 0:00:30]} 35. Bxe4 {[%emt 0:02:15]} Bxb6 {[%emt 0:00:14]} 36. Bc2 {[%emt 0:00:26]} Qf3 {[%emt 0:01:24]} 37. axb6 {[%emt 0:00:17]} Bc6 {[%emt 0:00:09]} 38. Bd1 {[%emt 0:00:37]} Qe4 {[%emt 0:00:26]} 39. Qxe4 {[%emt 0:01:29]} dxe4 {[%emt 0:00:06]} 40. Bb3+ {[%emt 0:00:13]} Kh8 {[%emt 0:00:41]} 41. Bg5 {[%emt 0:00:45]} Rf8 {[%emt 0:00:19]} 42. Rf7 {[%emt 0:00:36]} Rc8 {[%emt 0:01:20]} 43. Be7 {[%emt 0:00:56]} a5 {[%emt 0:02:49]} 44. Rf8+ {[%emt 0:00:54]} Rxf8 {[%emt 0:00:10]} 45. Bxf8 {[%emt 0:00:02]} Be8 {[%emt 0:00:46]} 46. Kg2 {[%emt 0:00:23]} h6 {[%emt 0:00:16]} 47. Kf2 {[%emt 0:00:12]} Kh7 {[%emt 0:00:08]} 48. Ke3 {[%emt 0:00:12]} Bc6 {[%emt 0:00:05]} 49. Bc2 {[%emt 0:00:28]} 1-0

[Event "2nd Silman TNM: 2000+"]
[Site "San Francisco"]
[Date "2025.06.10"]
[Round "6.7"]
[White "Paragiri, Reyansh"]
[Black "Liou, Arthur"]
[Result "1/2-1/2"]
[Annotator "Winslow,Elliott"]
[WhiteElo "2015"]
[BlackElo "2030"]
[PlyCount "87"]
[GameId "2187700216698922"]
[EventDate "2025.??.??"]

1. e4 c5 2. Nf3 d6 3. d4 cxd4 4. Nxd4 Nf6 5. Nc3 a6 6. Bg5 e6 7. f4 Qb6 8. Nb3 Nbd7 9. Qf3 Be7 10. O-O-O h6 11. Bh4 g5 12. Bf2 Qc7 13. g3 b5 14. a3 Bb7 15. Bd3 Bc6 16. Nd4 Bb7 17. Rhe1 Nc5 18. Kb1 Rb8 19. Qe2 Nxd3 20. Qxd3 Qc4 21. Nb3 Qxd3 22. Rxd3 Rg8 23. e5 dxe5 24. fxe5 Nd7 25. Bd4 b4 26. axb4 Bxb4 27. Red1 Rc8 28. Re3 Rc4 29. Na2 Be7 30. Na5 Rc7 31. Nxb7 Rxb7 32. Nc3 Bc5 33. Bxc5 Nxc5 34. Rd6 Ke7 35. Rc6 Nd7 36. Rxa6 Rc8 37. Ra5 Rbc7 38. Rd3 Rc5 39. Ra7 R8c7 40. Rxc7 Rxc7 41. Re3 Rc5 42. Kc1 Rxe5 43. Rf3 f5 44. Kd2 $15 {White offered a draw} 1/2-1/2

[Event "2nd Silman TNM: 2000+"]
[Site "San Francisco"]
[Date "2025.06.10"]
[Round "6.8"]
[White "Sawhney, Yuvraj Singh"]
[Black "Viadiu-Ilarraza, Hector"]
[Result "1-0"]
[WhiteElo "2052"]
[BlackElo "1937"]
[PlyCount "90"]
[GameId "2187700216698923"]
[EventDate "2025.??.??"]

1. e4 c5 2. Nf3 Nc6 3. Bb5 Nf6 4. Qe2 e5 5. O-O Bd6 6. c3 O-O 7. d3 a6 8. Bxc6 dxc6 9. Bg5 h6 10. Bh4 g5 11. Bg3 Bg4 12. h3 Bh5 13. Nbd2 b5 14. d4 Nd7 15. dxe5 Bxe5 16. Bxe5 Nxe5 17. g4 Nxf3+ 18. Nxf3 Bg6 19. Ne5 c4 20. Rad1 Qc7 21. Nxg6 fxg6 22. e5 Rae8 23. Rfe1 Re6 24. Rd4 a5 25. a4 Rfe8 26. Re4 Qe7 27. b3 cxb3 28. axb5 a4 29. bxc6 Qc5 30. Qc4 Qxc6 31. Qxa4 Qxc3 32. R4e3 Qc2 33. Rxb3 Rf8 34. Qb4 Qxf2+ 35. Kh1 Qf4 36. Qc5 h5 37. Qd5 Qf7 38. Rb7 Re7 39. e6 Qf6 40. Rxe7 Qxe7 41. Rb1 Re8 42. Re1 hxg4 43. hxg4 Kg7 44. Kg2 Rf8 45. Rh1 Rd8 1-0

[Event "2nd Silman TNM: 2000+"]
[Site "San Francisco"]
[Date "2025.06.10"]
[Round "6.9"]
[White "Parsons, Stephen"]
[Black "Seshadri, Sudarshan"]
[Result "1/2-1/2"]
[Annotator "Winslow,Elliott"]
[WhiteElo "1840"]
[BlackElo "2022"]
[PlyCount "63"]
[GameId "2187700216698924"]
[EventDate "2025.??.??"]

1. e4 c5 2. g3 Nc6 3. Bg2 g6 4. Ne2 Bg7 5. O-O d6 6. h3 Nf6 7. c3 d5 8. d3 O-O 9. Qc2 e5 10. Bg5 dxe4 11. dxe4 h6 12. Be3 Qe7 13. Nd2 b6 14. Rfe1 Bb7 15. Rad1 Rad8 16. Kh2 Nh5 17. Bf3 Nf6 18. Qc1 {[#]} Nd4 19. Bg2 Nxe2 20. Rxe2 Qd7 21. Ree1 Qa4 22. Qb1 Rd7 23. b3 Qc6 24. f3 Rfd8 25. Nc4 Ne8 26. Qc2 Kh7 27. Rd2 Nd6 28. Nxd6 Rxd6 29. Red1 Ba6 30. c4 Qc7 31. Rd5 Bb7 32. Rxd6 1/2-1/2

[Event "2nd Silman TNM: 2000+"]
[Site "San Francisco"]
[Date "2025.06.10"]
[Round "6.10"]
[White "Zavgorodniy, Andrew"]
[Black "Winslow, Elliott"]
[Result "1-0"]
[Annotator "Winslow,Elliott"]
[WhiteElo "1937"]
[BlackElo "2200"]
[PlyCount "61"]
[GameId "2187700216698925"]
[EventDate "2025.??.??"]

1. c4 Nf6 2. g3 g6 3. Bg2 Bg7 4. Nc3 O-O 5. d4 d6 6. h3 e5 7. Nf3 Nc6 8. Be3 Bd7 9. Qd2 a6 $146 {I mix a few too many systems here.} (9... Re8 10. O-O Qe7 11. Rad1 Rad8 12. Rfe1 Qf8 13. Nd5 e4 14. Nxf6+ Bxf6 15. Ng5 Bxg5 16. Bxg5 f6 17. Be3 Qf7 18. d5 Ne5 19. b3 g5 20. Bd4 Qh5 21. g4 Qg6 22. f4 exf3 23. exf3 h5 24. Re3 Re7 25. Rde1 Rde8 26. c5 b6 27. cxd6 cxd6 28. Qb4 f5 29. gxh5 Qf6 30. Kh1 f4 31. R3e2 Kh7 32. Qc3 Kh6 33. Rg1 Qf7 34. Rge1 Qxd5 35. Qc2 Qf7 36. Kh2 Qxh5 37. Bxe5 Rxe5 38. Rxe5 Rxe5 39. Rxe5 dxe5 40. Qc7 Qe8 41. Qxa7 Qe6 42. Qb8 Kg7 43. Qd8 Kg6 44. a4 Be8 45. Bf1 e4 46. Bc4 Qe5 47. Qxb6+ Kh5 48. fxe4 f3+ 49. Kh1 Qg3 50. Qg1 Qxh3+ 51. Qh2 Kh4 52. a5 g4 53. a6 g3 54. Qxh3+ Kxh3 55. Bf1+ g2+ 56. Bxg2+ fxg2+ 57. Kg1 Kg3 58. e5 Kf4 59. e6 Ke5 60. e7 {1-0 Rakhmanov,A (2596)-Onyshchuk,V (2610) Julius Baer GenCup PI/In, Chess.com 2024}) (9... Qc8 10. Rd1 Re8 11. b3 a6 12. g4 h5 13. dxe5 Nxe5 14. Nxe5 Rxe5 15. Bd4 Re8 16. Qf4 Nh7 17. gxh5 g5 18. Qg3 Bxd4 19. Rxd4 Kh8 20. h6 Bc6 21. h4 Qf5 22. Bd5 Bxd5 23. Rxd5 Re5 24. hxg5 Rxd5 25. cxd5 Qxg5 26. Qxg5 Nxg5 27. Rh4 Re8 28. Kd2 Kh7 29. Rb4 b5 30. a4 Kxh6 31. axb5 axb5 32. Rxb5 Ne4+ 33. Nxe4 Rxe4 34. Kd3 f5 35. e3 Kg5 36. Rb7 Re7 37. Rb4 Kf6 38. f4 Rh7 39. Rb7 Rh1 40. Rxc7 Rd1+ 41. Kc2 Rxd5 42. b4 Rb5 43. Kb3 Rb8 44. Kc4 Re8 45. b5 Rxe3 46. b6 Re1 47. b7 Rb1 48. Kd5 Kg6 49. Kxd6 Kh5 50. Rg7 Kh6 51. Rd7 Kh5 52. Kc7 Kg4 53. Rd4 Rc1+ 54. Kb8 {1-0 (54) Eingorn,V (2592)-Kupreichik,V (2457) Bad Woerishofen 1999}) 10. O-O {TP} Qc8 11. Kh2 Rb8 $146 (11... exd4 12. Nxd4 Re8 13. Nxc6 Bxc6 14. Rad1 Bxg2 15. Kxg2 Qe6 16. b3 b5 17. Nd5 Nxd5 18. Qxd5 bxc4 19. Qxe6 fxe6 20. bxc4 Rab8 21. Rb1 c5 22. Rfd1 Bf8 23. Bf4 Rxb1 24. Rxb1 d5 25. Bc7 Rc8 26. Be5 dxc4 27. Rc1 c3 28. Bxc3 Bg7 29. Kf3 Bxc3 30. Rxc3 Kf7 31. Ke4 Ke7 32. f4 Kd6 33. Kd3 e5 34. e4 Kc6 35. Kc4 Re8 36. Rf3 exf4 37. Rxf4 Re6 38. h4 Kd6 39. a4 h6 40. e5+ Rxe5 41. Rf6+ Ke7 42. Rxa6 Kf7 {½-½ (42) Borisova,B (2170)-Olsson,A Stockholm 1983}) (11... Re8 12. d5 Ne7 (12... Na5 13. b3 b6 14. Rac1 Nb7 15. Bh6 Bh8 16. e4 b5 17. cxb5 axb5 18. Rfe1 b4 19. Nd1 Nc5 20. Ng1 Qa6 21. Rc2 Bb5 22. f3 Bd3 23. Rb2 Qa3 24. Be3 Nfd7 25. Bf1 Qa6 26. Bxc5 Nxc5 27. Ne3 Bxf1 28. Rxf1 Bg7 29. Nc4 f5 30. Re1 fxe4 31. fxe4 Rf8 32. Re2 Rf1 33. Kg2 Raf8 34. Qe3 h5 35. h4 Qc8 36. Rf2 R1xf2+ 37. Rxf2 Rxf2+ 38. Kxf2 Qg4 39. Nd2 Kh7 40. Qf3 Qd7 41. Kg2 c6 42. Nh3 cxd5 43. exd5 Qf5 44. Ng5+ Kg8 45. Nde4 Nxe4 46. Nxe4 Qd7 47. Qf6 Qg4 48. Qd8+ Kh7 49. Ng5+ Kh6 50. Nf7+ Kh7 {½-½ (50) Metzger,A (1757)-Pape,M (2068) Osterburg 2006}) 13. c5 Nf5 14. cxd6 Nxe3 15. Qxe3 cxd6 16. Qb6 Qc5 17. Qxc5 dxc5 18. e4 Bh6 19. a4 b6 20. Rfd1 Rad8 21. Bf1 Bc8 22. Rab1 Rd6 23. b4 Nd7 24. b5 a5 25. Ne1 f5 26. Nc2 Nf6 27. Na3 Nxe4 28. Nxe4 fxe4 29. Nc4 Rf6 30. Rb2 e3 31. fxe3 e4 32. Bg2 Bb7 33. h4 g5 34. Bh3 gxh4 35. gxh4 Kh8 36. d6 Rf3 37. d7 Rd8 38. Re2 Bg7 39. Rd6 h5 40. Red2 Bf6 41. Rxb6 Ba8 42. Re6 Bxh4 43. Rh6+ Kg7 44. Rxh5 Be1 45. Rg2+ Kf6 46. Rh6+ Ke7 47. Ne5 Bc3 48. Re6+ Kf8 49. Nxf3 exf3 50. Re8+ Kf7 51. Rxd8 Be5+ 52. Kg1 {1-0 (52) Smirnov,S (2250)-Dukaczewski,P (2270) Benasque 2000}) 12. c5 $2 (12. dxe5 $16) (12. b3 $16) (12. Rac1 $16) 12... e4 $2 {As usual, avoiding the dynamic but more than adequate, for the ponderous if stodgy.} (12... exd4 13. Nxd4 dxc5 14. Nxc6 Bxc6 15. Bxc6 bxc6 16. Bxc5 Re8 $11 {(0.00/d35) but only after some advantage for Black for a while.}) 13. Ne1 $2 $11 (13. Ng5 d5 14. f3 $1 exf3 (14... h6 15. fxe4 $1 hxg5 16. exd5 $1 $16 g4 $1 17. dxc6 bxc6 18. h4 Nh5 19. b3) 15. Rxf3 $14) 13... d5 $6 (13... dxc5 14. dxc5 (14. d5 $6 Ne5 15. Bxc5 Re8 16. Rc1 b5 $15) 14... Ne5 (14... Bf5) (14... Be6 $11 {[%csl Re4,Rh3]})) 14. f3 exf3 15. exf3 $1 $14 Re8 16. g4 $6 (16. Nd3 Qd8 17. Rae1 b6) 16... Be6 $2 (16... Rxe3 $1 17. Qxe3 Nxd4 18. Rd1 $1 Ne6 19. Nxd5 Nxd5 20. Rxd5 Bb5 21. Rf2 Qe8) 17. Nd3 h5 18. Rae1 b6 $6 $17 (18... hxg4 19. hxg4 Nh7) (18... Qd7 $14) 19. cxb6 (19. Bf2) 19... cxb6 20. Nf4 hxg4 $6 (20... Qc7 21. Kh1 Qd7 22. g5 (22. gxh5 $6 Bf5) 22... Nh7 23. Nxe6 Rxe6 24. h4 Ree8 25. f4 Ne7 26. Bf2 Nf8 $14) 21. fxg4 $16 {[#]} Bxg4 $4 $18 (21... Qd7) 22. Ncxd5 $5 (22. hxg4 Nxg4+ 23. Kh1 Nxe3 24. Rxe3 Rxe3 25. Qxe3 Qg4 26. Bxd5 Bxd4 27. Qh3 $18) 22... Bd7 $6 23. Nxf6+ Bxf6 24. Nxg6 Qd8 25. d5 Ne5 26. Nxe5 Bxe5+ 27. Bf4 f6 28. Bxe5 Rxe5 29. Rxe5 fxe5 30. Qh6 Qe7 31. Be4 1-0